000 00958nmc a2200277 a 4500
003 AR-BaBNM
005 20251128203854.0
008 256019s1969 ||||||||||||||000 | spa||
040 _cAR-BaBNM
100 1 _aCirigliano, Gustavo F.J.
245 1 0 _aEducación y política
_bel paradojal sistema de la educación argentina
260 _aBuenos Aires
_bLibrería del Colegio
_c1969
300 0 _a150 p.
_bdiagr.
490 0 _aBiblioteca nueva pedagogía
_vv. 1
504 _aContiene: bibliografía al final de cada capítulo y apéndice de Rubén E. Zilberman sobre la Argentina y su destino
650 4 _aPOLITICA EDUCATIVA
650 4 _aORGANIZACION DE LA EDUCACION
650 4 _aORGANIZACION ADMINISTRATIVA
650 4 _aORGANIZACION POR GRADOS
651 4 _aArgentina
653 0 _aSISTEMA EDUCATIVO
700 1 _aManganiello, Ethel María
_eprologuista
800 1 _aManganiello, Ethel María
_eprologuista
942 _cBK
998 _cSILVI
999 _c5274
_d5274